| 000 | 00410nam a2200157Ia 4500 | ||
|---|---|---|---|
| 008 | 230312s9999||||xx |||||||||||||| ||und|| | ||
| 020 | _a1 84398 117 3 | ||
| 082 |
_a658.311 _bROB-R |
||
| 100 | _aRoberts Gareth | ||
| 245 | 0 | _aRecruitment and Selection | |
| 260 |
_bCIPD _aLondon _c2005 |
||
| 300 | _a214 | ||
| 546 | _aEng. | ||
| 650 |
_aManagement _vImportance of selection , Using Book , Screening |
||
| 942 | _cBK | ||
| 999 |
_c659 _d659 |
||